000 01027nam a2200169Ia 4500
005 20250723104353.0
008 250723s9999 xx 000 0 und d
020 _a9780195078589
082 _a947
_bKAI
100 _aKaiser, Daniel H.
245 0 _aReinterpreting Russian History
260 _bOxford University Press, USA
_c1994
300 _a445 pages
500 _aThis collection includes primary and secondary material, much of which has never before been published in English. Supplemented by over 70 illustrations, selections are introduced by placing them in the context of the work's major themes: state structure, the economy, society, and culture and everyday life. From the multi-ethnic peopling of early Russia to the elite society of the nineteenth century, original sources illuminate such topics as state-building, government and politics, the peasantry and the countryside, clergy and religious communities, and women and gender. --From publisher's description.
650 _aHistory
942 _cENGLISH
999 _c576941
_d576941